[Event "COL-ch U26 (Women)"]
[Site "Medellin"]
[Date "2018.10.20"]
[Round "5"]
[White "Cardenas Salgado, Laura Daniela"]
[Black "Morales, Diana Marcela"]
[Result "1/2-1/2"]
[WhiteElo "1619"]
[BlackElo "1863"]
[PlyCount "39"]
[EventDate "2018.10.18"]
[EventType "swiss"]
[EventRounds "6"]
[EventCountry "COL"]
[SourceTitle "CBM 187 Extra"]
[Source "ChessBase"]
[SourceDate "2018.11.04"]
[SourceVersion "1"]
[SourceVersionDate "2018.11.04"]
[SourceQuality "1"]

1. d4 d5 2. e3 c5 3. c3 e6 4. f4 a6 5. Nf3 Nc6 6. Nbd2 f6 7. Nb3 c4 8. Nbd2 b5 9. b3 Qc7 10. a4 Bb7 11. axb5 axb5 12. Rxa8+ Bxa8 13. bxc4 bxc4 14. Qa4 Qa7 15. Qxa7 Nxa7 16. Be2 Bd6 17. 0-0 Ne7 18. Bb2 Kd7 19. Ra1 Nb5 20. Bd1 1/2-1/2